000 00493nam a2200217Ia 4500
003 OSt
005 20220924142931.0
006 a|||||r|||| 00| 0
007 ta
008 220923b |||||||| |||| 00| 0 ori d
024 _a304016
037 _cTextual
040 _aARTS
_cARTS
_bORI
041 _2ORI
_aORI
082 _aR65, 1591K6
245 0 _aGvala gita
260 _c1966
650 _aPHILOSOPHY
942 _hR65, 1591K6
_cTEXL
_2CC
999 _c452575
_d452575